000 00666nam a2200253Ia 4500
001 32484
005 20240114001607.0
007 ta
008 060826s1931 g b000 u 346 u
040 _aCotton College,Assam
041 _a346
082 _a294.5
_bG 155 B
100 _aGangopadhya, Radharaman .
245 0 _aBharater Dharmer Dhara /
_cRadharaman Gangopadhya.
_hTextual Documents
250 _a1s ed. /
260 _aRampur :
_bH.Gangopadhya ,
_c1931.
300 _a93p. ;
_c18cm.
653 _aReligion-Hinduism
653 _aReligion-India
653 _aG-Religion
942 _2ddc
_cBK
999 _c32466
_d32466